banner-ar

العدالة والحرية فى فجر النهضة العربية الحديثة (عالم المعرفة 30) / (Record no. 50275)

MARC details
000 -الفاتح
حقل البيانات ثابتة الطول 00596nam a2200193Ia 4500
008 - عناصر البيانات ثابتة الطول - معلومات عامة
حقل البيانات ثابتة الطول 140319s9999 xx 000 0 ara d
040 ## - مصدر الفهرسة
وكالة الفهرسة الأصلية GCL /
وكالة النسخ GCL
082 04 - رقم تصنيف ديوى العشرى
رقم التصنيف د
رقم المادة 050
100 1# - المدخل الرئيسى - إسم شخصى
الإسم الشخصى عزت قرنى
245 10 - بيان العنوان
العنوان العدالة والحرية فى فجر النهضة العربية الحديثة (عالم المعرفة 30) /
بيان المسئوليه,etc عزت قرنى
300 ## - الوصف المادى
التعداد 343 ص
490 ## - بيان السلسلة
عنوان السلسلة عالم المعرفة
رقم المجلد/ التعيين التسلسلي 0
650 04 - المدخل الاضافى بالموضوع-مصطلح موضوعى
مصطلح موضوعي الحرية
650 04 - المدخل الاضافى بالموضوع-مصطلح موضوعى
مصطلح موضوعي العدل
650 04 - المدخل الاضافى بالموضوع-مصطلح موضوعى
مصطلح موضوعي العدالة الاجتماعية
650 04 - المدخل الاضافى بالموضوع-مصطلح موضوعى
مصطلح موضوعي حرية التعبير
942 ## - عناصر المدخل الإضافي( كوها)
مصدر التصنيف او مخطط الترفيف Dewey Decimal Classification
Koha [default] item type كتاب
Holdings
حالة التراجع حالة الفقد حالة تلف ليس للاعارة المكان المؤقت الموقع الحالى تاريخ الاكتساب اجمالي اﻻعارات رقم الطلب الباركود تاريخ اخر مشاهدة تاريخ تفعيل السعر نوع وعاء كوها
        مكتبة القاهرة الكبرى مكتبة القاهرة الكبرى 03/26/2014   د\050 120652 03/26/2014 03/26/2014 كتاب

Powered By

EGPV